000 00532nam a2200169 4500
001 117794
003 ES-MaACL
005 20230906190954.0
007 t|
008 070214s1965 cl r ||||1| spa d
100 1 _aPereira, Benjamín.
_990466
245 1 0 _aTeología de los santuarios marianos /
_cBenjamín Pereira.
260 _a[Santiago de Chile?] :
_bSociedad del Apostolado Católico,
_c1965.
300 _a167 p. ;
_c21 cm.
710 2 _aSociedad del Apostolado Católico.
_96695
852 _aES-MaACL
_jC-27471
_bR.56342
999 _c117794
_d117794